| 000 | 00593nam a22001937a 4500 | ||
|---|---|---|---|
| 005 | 20251108165531.0 | ||
| 008 | 250721s1985 xx 000 0 ara d | ||
| 082 | 1 | 4 | _aم/920.0561/عمد |
| 100 | 1 | _aالعمد، هاني صبحي | |
| 245 | 1 | 0 |
_aمعجم النابهين في جنوبي بلاد الشام : _bفلسطين و الأردن 622-1882م / |
| 264 | 1 |
_aعمان : _bدار الكرمل، _c1985. |
|
| 300 | _a1ج | ||
| 650 | 1 | 7 | _aبلاد الشام |
| 650 | 1 | 7 | _aفلسطين |
| 650 | 1 | 7 | _aالاردن |
| 650 | 1 | 7 | _aالتراجم |
| 942 |
_2ddc _cREF |
||
| 999 |
_c30149 _d30149 |
||